Modely nákupního vyjednávání o cene

Prístupy pre nákupné vyjednávanie alebo vyjednávanie o cene nakupovaných tovarov a služieb. Prezentácia týchto prístupov formou modelov a zhodnotenie ich výhod a nevýhod. Všeobecný model ponukového procesu, model nákupného vyjednávania, jednokolový výber, model "bez jednania", nákupná aukcia.

Salvato in:
Dettagli Bibliografici
Autore principale: Cozi, Marek
Natura: Capitolo di libro
Lingua:ceco
Soggetti:
Tags: Aggiungi Tag
Nessun Tag, puoi essere il primo ad aggiungerne!!

MARC

LEADER 00000naa$a2200000$$$4500
001 0055927
005 20231107071800.1
041 0 |a cze 
044 |a CZ 
245 1 0 |a Modely nákupního vyjednávání o cene  |c Marek Cozi 
520 |a Prístupy pre nákupné vyjednávanie alebo vyjednávanie o cene nakupovaných tovarov a služieb. Prezentácia týchto prístupov formou modelov a zhodnotenie ich výhod a nevýhod. Všeobecný model ponukového procesu, model nákupného vyjednávania, jednokolový výber, model "bez jednania", nákupná aukcia. 
610 2 0 |a modely 
610 2 0 |a modely ponuky 
610 2 0 |a vyjednávanie 
610 2 0 |a ceny 
610 2 0 |a aukcie 
610 2 0 |a ponuka 
100 1 |a Cozi, Marek